logo

Bir Sreshtho Munshi Abdur Rouf Library
Jhenaidah Cadet College

The best years, 1945-1950 / (Record no. 7838)

MARC details
000 -LEADER
fixed length control field 00806cam a2200277 i 4500
001 - CONTROL NUMBER
JCCL Control Number 7838
003 - CONTROL NUMBER IDENTIFIER
JCCL marc code BD-JhCC
005 - DATE AND TIME OF LATEST TRANSACTION
control field 20180214133340.0
008 - FIXED-LENGTH DATA ELEMENTS--GENERAL INFORMATION
fixed length control field 760122s1976 nyu b 001 0 eng
020 ## - INTERNATIONAL STANDARD BOOK NUMBER
International Standard Book Number 0689107080
035 ## - SYSTEM CONTROL NUMBER
system control number (BD-JhCC)7838
040 ## - CATALOGING SOURCE
Original cataloging agency DLC
Transcribing agency DLC
Modifying agency DLC
-- BD-JhCC
041 ## - LANGUAGE CODE
Language code of Book eng
050 00 - LIBRARY OF CONGRESS CALL NUMBER
Classification number HN58
Item number .G66 1976
082 00 - DEWEY DECIMAL CLASSIFICATION NUMBER
Classification number 309.1/73/0918
Author mark and Year GOU 1976
100 1# - MAIN ENTRY--PERSONAL NAME
Personal name Goulden, Joseph C.,
Dates associated with a name 1934-
245 14 - TITLE STATEMENT
Title The best years, 1945-1950 /
Statement of responsibility, etc Joseph C. Goulden.
250 ## - EDITION STATEMENT
Edition statement 1st ed.
260 ## - PUBLICATION, DISTRIBUTION, ETC. (IMPRINT)
Place of publication, distribution, etc New York :
Name of publisher, distributor, etc Atheneum,
Date of publication, distribution, etc 1976.
300 ## - PHYSICAL DESCRIPTION
Pagination ix, 468 p. ;
Dimensions 25 cm.
504 ## - BIBLIOGRAPHY, ETC. NOTE
Bibliography, etc Includes bibliographical references and index.
651 #0 - SUBJECT ADDED ENTRY--GEOGRAPHIC NAME
Geographic name United States
General subdivision Social conditions
Chronological subdivision 1945-
651 #0 - SUBJECT ADDED ENTRY--GEOGRAPHIC NAME
Geographic name United States
General subdivision Politics and government
Chronological subdivision 1945-1953.
942 ## - ADDED ENTRY ELEMENTS (KOHA)
Source of classification or shelving scheme Dewey Decimal Classification
Koha item type Books
Holdings
Source of classification or shelving scheme Damaged status Not for loan Home library Current library Shelving location Total Checkouts Full call number Barcode Date last seen Copy number Koha item type
Dewey Decimal Classification     JCC Rouf Library JCC Rouf Library General Stacks   309.1/73/0918 GOU 1976 10408 02/14/2018 C - 1 Books

JCC Library | Contacts | JCC Home

Last Update on 23 September 2017
Copyright @ 2017-2020 JCC Rouf Library
Rouf Library, Jhenidah Cadet College (JCC), Bangladesh